[Event "Baku Open 2014"]
[Site "Baku AZE"]
[Date "2014.09.24"]
[Round "3.31"]
[White "Andrenko, Irina"]
[Black "Atakisi, Umut"]
[Result "1/2-1/2"]
[WhiteTitle "WIM"]
[BlackTitle "IM"]
[WhiteElo "2199"]
[BlackElo "2343"]
[WhiteFideId "14118270"]
[BlackFideId "6301037"]
[EventDate "2014.09.22"]

1. e4 c5 2. Nf3 d6 3. d4 cxd4 4. Nxd4 Nf6 5. Nc3 Nc6 6. Bg5 Bd7 7. Qd2 h6 8.
Bxf6 gxf6 9. f4 Nxd4 10. Qxd4 Qa5 11. O-O-O Rc8 12. f5 h5 13. Kb1 Qc5 14. Qd3 a5
15. Be2 Bh6 16. g3 h4 17. Qf3 Qe3 18. Nd5 Qxf3 19. Bxf3 Bg5 20. Nb6 Rc5 21. c4
Bc6 22. b3 Rxf5 23. exf5 Bxf3 24. Rhe1 Bxd1 25. Rxd1 hxg3 26. hxg3 Be3 27. Nd5
Bf2 28. g4 Rh4 29. c5 dxc5 30. Nc7+ Kf8 31. Rd8+ Kg7 32. Rd7 Rh1+ 33. Kc2 Re1
34. Nd5 e6 35. fxe6 Rxe6 36. Rxb7 Re2+ 37. Kd3 Rxa2 38. Ne7 a4 39. bxa4 Rxa4 40.
Ke2 Bd4 41. Rb8 Be5 42. Rc8 Kh7 43. Rxc5 Rxg4 44. Nc6 Rg5 45. Rd5 Kg6 46. Rd7
Rh5 47. Ne7+ Kg5 48. Nc6 Rh7 49. Kf3 Kf5 50. Nd4+ Bxd4 51. Rxd4 Rh3+ 52. Kf2 Ke5
53. Rd7 Ke6 54. Ra7 f5 55. Rb7 Kf6 56. Ra7 Kg6 57. Rb7 f6 58. Rb8 Kg5 59. Rf8
Ra3 60. Rf7 f4 61. Rf8 Re3 62. Rg8+ Kf5 63. Rf8 Rh3 64. Rg8 Rb3 65. Rf8 Rb5 66.
Kf3 Re5 67. Rf7 Ra5 68. Rf8 Ra7 69. Rg8 Ra3+ 70. Kf2 f3 71. Rf8 Ke5 72. Kg3 Kf5
73. Rf7 Re3 74. Rf8 Rd3 75. Rf7 Rc3 76. Rf8 f2+ 77. Kxf2 Ke5 78. Ra8 Kf4 79.
Ra4+ Kg5 80. Ra5+ f5 81. Ra4 Rb3 82. Rc4 f4 83. Rc8 Rb6 84. Kf3 Rb7 85. Rc5+ Kf6 1/2-1/2

[Event "Baku Open 2014"]
[Site "Baku AZE"]
[Date "2014.09.24"]
[Round "3.32"]
[White "Alakhverdiev, Araz"]
[Black "Khalafova, Narmin"]
[Result "0-1"]
[WhiteTitle "FM"]
[BlackTitle "WFM"]
[WhiteElo "2277"]
[BlackElo "2166"]
[WhiteFideId "13610260"]
[BlackFideId "13402625"]
[EventDate "2014.09.22"]

1. Nf3 g6 2. c4 Bg7 3. Nc3 d6 4. g3 e5 5. d3 h6 6. Bg2 f5 7. O-O Ne7 8. Bd2 O-O
9. Rb1 a5 10. a3 c6 11. b4 axb4 12. axb4 Be6 13. b5 Nd7 14. e3 g5 15. Ne1 e4 16.
bxc6 bxc6 17. dxe4 Bxc4 18. Ne2 fxe4 19. Bxe4 Nc5 20. Bc2 Qc8 21. Bb4 Rd8 22.
Nd3 Qa6 23. Nec1 Ne4 24. Bb3 c5 25. Be1 Rab8 26. Bxc4+ Qxc4 27. Rxb8 Rxb8 28.
Qg4 Nd2 29. Qxc4+ Nxc4 30. Kg2 Rb1 31. Ne2 Nd5 32. e4 Rd1 33. exd5 Rxd3 34. f4 0-1

[Event "Baku Open 2014"]
[Site "Baku AZE"]
[Date "2014.09.24"]
[Round "3.33"]
[White "Asgarov, Mushfig"]
[Black "Gadimbayli, Abdulla"]
[Result "0-1"]
[BlackTitle "FM"]
[WhiteElo "2260"]
[BlackElo "2162"]
[WhiteFideId "13401734"]
[BlackFideId "13404938"]
[EventDate "2014.09.22"]

1. Nf3 d5 2. g3 c6 3. Bg2 Nf6 4. d3 Bg4 5. Nbd2 Nbd7 6. O-O e5 7. e4 dxe4 8.
dxe4 Be7 9. h3 Bh5 10. Qe1 O-O 11. Nc4 Qc7 12. a4 Rfe8 13. Nh4 Bf8 14. Nf5 Bg6
15. Nh4 Bh5 16. Bg5 Re6 17. a5 Ne8 18. b4 f6 19. Bd2 Nd6 20. Ne3 Bf7 21. c4 Ree8
22. Qe2 b5 23. c5 Nc4 24. Rfd1 Rad8 25. Bc3 Nb8 26. Re1 Rd7 27. Nhf5 Red8 28.
Bf1 Nd2 29. Bxd2 Rxd2 30. Qf3 g6 31. Nh4 Bg7 32. Ng4 Qe7 33. Qe3 Na6 34. Qc3 Qe6
35. Nf3 R2d7 36. Ne3 Bh6 37. Ng4 Bd2 38. Nxd2 Rxd2 39. Ne3 Qb3 40. Qxb3 Bxb3 41.
Re2 Rxe2 42. Bxe2 Rd4 43. Rb1 Rxb4 44. f3 Ba2 45. Ra1 Rb1+ 46. Rxb1 Bxb1 47. Nc4
Nxc5 48. Nd6 Bd3 49. Bxd3 Nxd3 50. Kf1 Kf8 51. Ke2 Nc1+ 52. Kd2 Nb3+ 53. Kc3 Ke7
54. Nc8+ Kd7 55. Nxa7 Nc5 0-1

[Event "Baku Open 2014"]
[Site "Baku AZE"]
[Date "2014.09.24"]
[Round "3.34"]
[White "Kazimova, Narmin"]
[Black "Shabanov, Nurlan"]
[Result "1-0"]
[WhiteTitle "WIM"]
[WhiteElo "2233"]
[BlackElo "2106"]
[WhiteFideId "13402951"]
[BlackFideId "13400100"]
[EventDate "2014.09.22"]

1. c4 d6 2. Nc3 g6 3. d4 Bg7 4. g3 Nf6 5. Bg2 O-O 6. Nf3 Nc6 7. O-O Bf5 8. d5
Na5 9. Nd4 Bd7 10. b3 c5 11. dxc6 Nxc6 12. Nc2 Qa5 13. Bd2 Qh5 14. e4 Bg4 15. f3
Bh3 16. Rc1 Bxg2 17. Kxg2 a6 18. Nd5 Nxd5 19. cxd5 Ne5 20. g4 Qh4 21. Be1 Qf6
22. f4 Nd7 23. g5 Qb2 24. Rf2 Rfe8 25. Ne3 Qd4 26. Qxd4 Bxd4 27. Kf3 e6 28. dxe6
Rxe6 29. Re2 Bxe3 30. Rxe3 Rae8 31. Bf2 f6 32. Rc7 R8e7 33. Rc8+ Kg7 34. h4 Rf7
35. Be1 fxg5 36. hxg5 Rfe7 37. Bc3+ Kf7 38. Bd4 Re8 39. Rxe8 Kxe8 40. Rc3 Kd8
41. b4 Re8 42. a4 Rf8 43. Ke3 Re8 44. Kd3 Rf8 45. Ke3 Re8 46. b5 axb5 47. axb5
d5 48. e5 Re6 49. Rc1 Re8 50. Rh1 Nf8 51. Bc5 Ne6 52. Bd6 Rh8 53. Ra1 Kd7 54.
Ra7 Nd8 55. Kd4 Ke6 56. Bc7 Kf5 57. Bxd8 Rxd8 58. Rxb7 Kxf4 59. Rf7+ Kxg5 60. e6
h5 61. e7 Re8 62. Kxd5 h4 63. Kd6 h3 64. Rh7 1-0

[Event "Baku Open 2014"]
[Site "Baku AZE"]
[Date "2014.09.25"]
[Round "4.1"]
[White "Baryshpolets, Andrey"]
[Black "Efimenko, Zahar"]
[Result "1-0"]
[WhiteTitle "GM"]
[BlackTitle "GM"]
[WhiteElo "2540"]
[BlackElo "2641"]
[WhiteFideId "14117207"]
[BlackFideId "14107201"]
[EventDate "2014.09.22"]

1. Nf3 Nf6 2. c4 e6 3. g3 b6 4. Bg2 Bb7 5. O-O Be7 6. Nc3 O-O 7. Re1 d5 8. cxd5
Nxd5 9. e4 Nxc3 10. bxc3 Nc6 11. d4 Na5 12. Bf4 Bd6 13. Ne5 Qe8 14. Qg4 f6 15.
Bh6 Qe7 16. Nd3 e5 17. dxe5 fxe5 18. Bg5 Qf7 19. f4 Nc4 20. Rad1 Rae8 21. f5 a5
22. Rf1 Kh8 23. Qe2 Be7 24. h4 h6 25. Bf3 Bxg5 26. hxg5 Qe7 27. Nf2 Nd6 28. gxh6
gxh6 29. Kg2 Nxf5 30. exf5 e4 31. Bh5 e3+ 32. Kh2 Rxf5 33. Bxe8 Qxe8 34. Nh3 Re5
35. Rd4 Qc6 36. Rd8+ Kh7 37. Qd3+ Re4 38. Qd7+ Qxd7 39. Rxd7+ Kg8 40. Rxc7 1-0

[Event "Baku Open 2014"]
[Site "Baku AZE"]
[Date "2014.09.25"]
[Round "4.11"]
[White "Rzayev, Bahruz"]
[Black "Shimanov, Aleksandr"]
[Result "1/2-1/2"]
[WhiteTitle "IM"]
[BlackTitle "GM"]
[WhiteElo "2416"]
[BlackElo "2624"]
[WhiteFideId "13403036"]
[BlackFideId "4198603"]
[EventDate "2014.09.22"]

1. e4 c6 2. Nc3 d5 3. Nf3 Nf6 4. e5 Ne4 5. d3 Nxc3 6. bxc3 c5 7. d4 Nc6 8. Be2
Bg4 9. Ng5 Bxe2 10. Qxe2 e6 11. Be3 cxd4 12. cxd4 Bb4+ 13. Kf1 h6 14. Qh5 Qd7
15. Rb1 Bc3 16. Nf3 Nb4 17. Qg4 g6 18. Qh4 Nxc2 19. Bg5 Qa4 20. g3 Nxd4 21. Kg2
Qc2 22. Nxd4 Bxd4 23. Qxd4 hxg5 24. Rxb7 Kf8 25. Qb4+ Kg8 26. Rxf7 Kxf7 27. Qb7+
Kg8 28. Qxa8+ Kg7 29. Qxa7+ Kh6 30. Qe3 Ra8 31. Rc1 Qe4+ 32. Qxe4 dxe4 33. Re1
Ra4 34. g4 Rxa2 35. Rxe4 Ra3 36. h3 Rb3 37. Re3 Rb4 38. Kf3 Rf4+ 39. Ke2 Rd4 40.
Kf3 Rf4+ 41. Kg2 Ra4 42. Re2 Ra3 43. Re3 Ra4 44. Rb3 Ra5 45. Kf3 Rxe5 46. Re3
Ra5 47. Rxe6 Ra3+ 48. Re3 Ra2 49. Kg3 Rb2 50. Rf3 Rb1 51. Rf8 Kg7 52. Ra8 Kh6
53. Ra3 Rb2 54. Ra1 Rb3+ 55. f3 Rb2 56. Rh1 Rb3 57. h4 gxh4+ 58. Rxh4+ Kg7 59.
Rh1 g5 60. Rd1 Rb2 61. Rf1 Kf6 62. Rf2 Rb3 63. Re2 Ra3 64. Kf2 Rb3 65. Ra2 Rc3
66. Ra6+ Kg7 67. Rd6 Ra3 68. Ke2 Rb3 69. Rd3 Rb4 70. Ke3 Rf4 71. Rd6 Rf8 72. Rd3
Re8+ 73. Kd4 Kf6 74. Ra3 Rd8+ 75. Ke4 Re8+ 76. Kd4 Rd8+ 77. Ke4 1/2-1/2

[Event "Baku Open 2014"]
[Site "Baku AZE"]
[Date "2014.09.25"]
[Round "4.12"]
[White "Smirnov, Pavel"]
[Black "Mammadov, Zaur"]
[Result "1-0"]
[WhiteTitle "GM"]
[BlackTitle "IM"]
[WhiteElo "2611"]
[BlackElo "2482"]
[WhiteFideId "4123425"]
[BlackFideId "13401033"]
[EventDate "2014.09.22"]

1. d4 d5 2. c4 dxc4 3. e3 e5 4. Bxc4 Nc6 5. Nf3 e4 6. Nfd2 Qg5 7. Nxe4 Qxg2 8.
Ng3 Nf6 9. Bf1 Qd5 10. Nc3 Bb4 11. Bd2 Bxc3 12. bxc3 Bg4 13. Qb3 Bf3 14. Qxd5
Bxd5 15. Rg1 Na5 16. Bd3 O-O-O 17. Nf5 Bc4 18. Bxc4 Nxc4 19. Rxg7 Ne4 20. Bc1
Nxc3 21. Bd2 Ne4 22. Bb4 Rd7 23. Rc1 b5 24. f3 Nf6 25. e4 Re8 26. Kf2 Kb7 27.
Bc3 h5 28. Rb1 a6 29. Re1 Kb6 30. Nh6 Rh8 31. Nf5 Ne8 32. Rg5 c6 33. d5 f6 34.
Rg6 Rf8 35. dxc6 Rd3 36. Ne7 Rxc3 37. Nd5+ Kxc6 38. Nxc3 Ne5 39. Rh6 Nd3+ 40.
Ke2 Nxe1 41. Kxe1 Kc5 42. Rxh5+ Kb4 43. Nd5+ Ka3 44. Rh7 a5 45. Ra7 a4 46. Ra8
Kxa2 47. Nc3+ Kb3 48. Nxb5 Rh8 49. h4 Kb4 50. Nd4 Kc3 51. Nf5 Kb4 52. Kd2 a3 53.
Kd3 Rh7 54. Rb8+ Ka4 55. Rxe8 a2 56. Ra8+ Kb3 57. Nd4+ Kb2 58. Rb8+ Kc1 59. Ne2+ 1-0

[Event "Baku Open 2014"]
[Site "Baku AZE"]
[Date "2014.09.25"]
[Round "4.13"]
[White "Naghdiyev, Niyazi"]
[Black "Salem, A.R. Saleh"]
[Result "0-1"]
[BlackTitle "GM"]
[WhiteElo "2024"]
[BlackElo "2594"]
[WhiteFideId "13405519"]
[BlackFideId "9301348"]
[EventDate "2014.09.22"]

1. d4 Nf6 2. c4 g6 3. g3 Bg7 4. Bg2 O-O 5. Nf3 d6 6. O-O Nbd7 7. Nc3 e5 8. e4
exd4 9. Nxd4 Re8 10. h3 Nc5 11. Re1 Bd7 12. b3 Qc8 13. Kh2 h5 14. f3 a5 15. Be3
c6 16. Rc1 Qc7 17. Qd2 Rad8 18. Red1 Bc8 19. Nde2 Qe7 20. Bf4 Bf8 21. Nd4 Nh7
22. h4 Bg7 23. Nce2 Qc7 24. b4 axb4 25. Qxb4 Qe7 26. Nb3 Na6 27. Bxd6 Nxb4 28.
Bxe7 Rxd1 29. Rxd1 Nxa2 30. Bc5 Nf8 31. Rd2 Nc3 32. Nxc3 Bxc3 33. Rd3 Bg7 34.
Bh3 f5 35. Re3 Rd8 36. e5 Be6 37. Na5 Rd2+ 38. Bg2 Rb2 39. Bd6 Nd7 40. f4 Nb6
41. Kh3 Nxc4 42. Nxc4 Bxc4 43. Rc3 Be6 44. Rc1 Bf8 45. Ra1 Bxd6 46. exd6 Kf7 47.
Ra8 Bd7 48. Rd8 Ke6 49. Rg8 Kxd6 50. Rxg6+ Be6 51. Bf1 b5 52. Bd3 Ke7 53. Rg5
Rd2 54. Bb1 Bc4 55. g4 hxg4+ 56. Kg3 Bd3 57. Bxd3 Rxd3+ 58. Kg2 Ke6 59. Rg8 Rh3
60. Rc8 Kd6 0-1

[Event "Baku Open 2014"]
[Site "Baku AZE"]
[Date "2014.09.25"]
[Round "4.14"]
[White "Onischuk, Vladimir"]
[Black "Pourramezanali, Amirreza"]
[Result "1/2-1/2"]
[WhiteTitle "GM"]
[BlackTitle "IM"]
[WhiteElo "2593"]
[BlackElo "2429"]
[WhiteFideId "14114038"]
[BlackFideId "12511412"]
[EventDate "2014.09.22"]

1. e4 e6 2. d4 d5 3. Nc3 Bb4 4. exd5 exd5 5. Bd3 Nf6 6. a3 Bxc3+ 7. bxc3 O-O 8.
Ne2 Nbd7 9. Be3 Nb6 10. O-O Nc4 11. Ng3 Qd6 12. Bc1 Bg4 13. f3 Bd7 14. Qe1 Rfe8
15. Qf2 h6 16. Ne2 Re7 17. Re1 Rae8 18. a4 Qc6 19. Qg3 a6 20. h3 Nh5 21. Qh4 Nf6
22. g4 Ne3 23. Qf2 Nc4 24. a5 Nh7 25. Kh1 Qf6 26. Kg2 Bb5 27. h4 g5 28. hxg5
hxg5 29. Rh1 Nf8 30. Ng3 Ne3+ 31. Bxe3 Rxe3 32. Bxb5 axb5 33. Rae1 Qe6 34. Rxe3
Qxe3 35. Nf5 Qxf2+ 36. Kxf2 Ne6 37. Rb1 c6 38. Nd6 Ra8 39. Ra1 Ra7 40. Ke3 Kg7
41. Kd2 Kf6 1/2-1/2

[Event "Baku Open 2014"]
[Site "Baku AZE"]
[Date "2014.09.25"]
[Round "4.15"]
[White "Kovalenko, Igor"]
[Black "Aghasiyev, Kamal"]
[Result "1/2-1/2"]
[WhiteTitle "GM"]
[BlackTitle "IM"]
[WhiteElo "2650"]
[BlackElo "2394"]
[WhiteFideId "14117908"]
[BlackFideId "13402854"]
[EventDate "2014.09.22"]

1. e4 c5 2. Nf3 e6 3. g3 Nc6 4. Bg2 Nf6 5. Qe2 d6 6. O-O Be7 7. c3 e5 8. h3 O-O
9. d3 Rb8 10. a4 a6 11. Nbd2 b5 12. axb5 axb5 13. Nh2 Qb6 14. Kh1 g6 15. Ng4
Nxg4 16. hxg4 Be6 17. f4 f6 18. f5 Bd7 19. Bf3 Na5 20. Qh2 c4 21. Bd1 gxf5 22.
gxf5 Kh8 23. b4 cxb3 24. Nxb3 Ra8 25. Bh5 Be8 26. Bg6 Rf7 27. Kg2 Rg7 28. Bh6
Rxg6 29. fxg6 Bxg6 30. Qh3 f5 31. Rxf5 Rg8 32. Rxa5 Bxf5 33. Qxf5 Rxg3+ 1/2-1/2

[Event "Baku Open 2014"]
[Site "Baku AZE"]
[Date "2014.09.25"]
[Round "4.18"]
[White "Volokitin, Andrei"]
[Black "Fataliyeva, Ulviyya"]
[Result "1-0"]
[WhiteTitle "GM"]
[BlackTitle "WFM"]
[WhiteElo "2642"]
[BlackElo "2117"]
[WhiteFideId "14107090"]
[BlackFideId "13403052"]
[EventDate "2014.09.22"]

1. d4 e6 2. Nf3 f5 3. g3 Nf6 4. Bg2 Be7 5. O-O O-O 6. c4 d6 7. Nc3 Qe8 8. b3 Qh5
9. Ba3 Nbd7 10. Qc2 a6 11. Rfe1 Rb8 12. e4 fxe4 13. Nxe4 Nxe4 14. Rxe4 Nf6 15.
Re2 b5 16. Rae1 b4 17. Bc1 Bd8 18. h3 h6 19. Nh4 g5 20. Ng6 Rf7 21. g4 Nxg4 22.
hxg4 Qxg4 23. d5 Bf6 24. dxe6 Bb7 25. f3 Bxf3 26. e7 Bxe7 27. Nxe7+ Kg7 28. Bb2+ 1-0

[Event "Baku Open 2014"]
[Site "Baku AZE"]
[Date "2014.09.25"]
[Round "4.19"]
[White "Mammadzada, Gunay"]
[Black "Malakhatko, Vadim"]
[Result "1/2-1/2"]
[WhiteTitle "WFM"]
[BlackTitle "GM"]
[WhiteElo "2316"]
[BlackElo "2542"]
[WhiteFideId "13403729"]
[BlackFideId "14104202"]
[EventDate "2014.09.22"]

1. e4 e6 2. d4 d5 3. Nd2 c5 4. exd5 Qxd5 5. Ngf3 cxd4 6. Bc4 Qd8 7. O-O a6 8.
Nb3 Qc7 9. Qe2 Bd6 10. Nbxd4 Ne7 11. Re1 Nbc6 12. Nxc6 Nxc6 13. b3 Bb4 14. Rd1
Bc3 15. Rb1 b5 16. Bd3 Bb7 17. Be4 Rc8 18. Bg5 h6 19. Bh4 O-O 20. Rd3 b4 21.
Rbd1 Qa5 22. Rd7 Ba8 23. Bd3 Nb8 24. Re7 Bd5 25. Ne5 Bxe5 26. Qxe5 Nc6 27. Qg3
Nxe7 28. Bxe7 Qc7 29. Qxc7 Rxc7 30. Bxf8 Kxf8 31. f4 a5 32. a3 bxa3 33. c4 Bc6
34. Ra1 Rd7 35. Bf1 Rd2 36. Rxa3 Rb2 37. Rxa5 Rxb3 38. Ra7 Rb1 39. g3 g5 40. Rc7
Be4 41. Kf2 Rb2+ 42. Ke3 Bf5 43. Be2 gxf4+ 44. gxf4 Rb3+ 45. Kf2 Rh3 46. Kg2 Rh4
47. Kg3 Rh3+ 48. Kg2 Rh4 1/2-1/2

[Event "Baku Open 2014"]
[Site "Baku AZE"]
[Date "2014.09.25"]
[Round "4.20"]
[White "Lorparizangeneh, Shahin"]
[Black "Darini, Pouria"]
[Result "0-1"]
[WhiteTitle "FM"]
[BlackTitle "GM"]
[WhiteElo "2277"]
[BlackElo "2442"]
[WhiteFideId "12521604"]
[BlackFideId "12502200"]
[EventDate "2014.09.22"]

1. d4 Nf6 2. c4 g6 3. Nc3 d5 4. Nf3 Bg7 5. h4 dxc4 6. e4 c5 7. d5 b5 8. h5 O-O
9. hxg6 hxg6 10. Bh6 Bxh6 11. Rxh6 b4 12. Na4 Nxe4 13. Bxc4 Kg7 14. Rh4 Rh8 15.
Qe2 Rxh4 16. Nxh4 Nf6 17. O-O-O Qd6 18. Qd2 Nbd7 19. Rh1 Ng8 20. f4 Ndf6 21. Re1
Bd7 22. b3 Bxa4 23. bxa4 Rd8 24. f5 Qg3 25. Nf3 gxf5 26. Re5 Ne4 27. Qe3 Ngf6
28. Rxe7 Rh8 29. Qe2 Rh1+ 30. Kb2 Qf4 0-1

[Event "Baku Open 2014"]
[Site "Baku AZE"]
[Date "2014.09.25"]
[Round "4.21"]
[White "Aharon, Ofir"]
[Black "Aghayev, Nijat"]
[Result "1/2-1/2"]
[WhiteTitle "FM"]
[BlackTitle "IM"]
[WhiteElo "2341"]
[BlackElo "2401"]
[WhiteFideId "2800683"]
[BlackFideId "13402048"]
[EventDate "2014.09.22"]

1. e4 c5 2. Nf3 Nc6 3. d4 cxd4 4. Nxd4 g6 5. c4 Bg7 6. Be3 Nf6 7. Nc3 Ng4 8.
Qxg4 Nxd4 9. Qd1 Nc6 10. Qd2 O-O 11. Be2 d6 12. Rc1 f5 13. h4 h5 14. Bh6 Ne5 15.
O-O Be6 16. Bxg7 Kxg7 17. exf5 Rxf5 18. Qd4 Qb6 19. Qxb6 axb6 20. b3 Nc6 21. Bd3
Rf4 22. Rfe1 Bf7 23. Re4 Rxe4 24. Bxe4 Ra5 25. f4 Be8 26. Rd1 Nb4 27. Bxb7 Nxa2
28. Nd5 Ra7 29. Bc8 b5 30. cxb5 Bxb5 31. Ra1 Ra8 32. Be6 Bc6 33. g3 Bb7 34. Nc7
Ra7 35. b4 Be4 36. Nd5 Ra3 37. Kh2 Bxd5 38. Bxd5 Nxb4 39. Rxa3 Nxd5 40. Kg2 Kf7
41. Kf3 Nf6 42. Ra5 Kg7 43. f5 gxf5 44. Rxf5 e5 45. Ke2 Kf7 46. Rg5 e4 1/2-1/2

[Event "Baku Open 2014"]
[Site "Baku AZE"]
[Date "2014.09.25"]
[Round "4.22"]
[White "Manik, Mikulas"]
[Black "Zeynalov, Farid"]
[Result "1/2-1/2"]
[WhiteTitle "GM"]
[BlackTitle "FM"]
[WhiteElo "2385"]
[BlackElo "2277"]
[WhiteFideId "14900734"]
[BlackFideId "13402250"]
[EventDate "2014.09.22"]

1. e4 e6 2. d4 d5 3. Nc3 dxe4 4. Nxe4 Nd7 5. Nf3 Ngf6 6. Nxf6+ Nxf6 7. c3 c5 8.
Ne5 a6 9. Be3 Qc7 10. Qa4+ Nd7 11. O-O-O cxd4 12. Bxd4 Bd6 13. Nxd7 Bxd7 14. Qc4
Qxc4 15. Bxc4 Bc6 16. Rhe1 O-O 17. g3 Be7 18. Bb6 Rfc8 19. Bb3 a5 20. a3 Bd8 21.
Bxd8 Rxd8 22. f4 Kf8 23. g4 Rxd1+ 24. Rxd1 Ke7 25. Re1 Bf3 26. h3 h5 27. gxh5
Rh8 28. Re3 Bxh5 29. f5 b6 30. Kd2 1/2-1/2

[Event "Baku Open 2014"]
[Site "Baku AZE"]
[Date "2014.09.25"]
[Round "4.23"]
[White "Ghaem Maghami, Ehsan"]
[Black "Kazimova, Narmin"]
[Result "1/2-1/2"]
[WhiteTitle "GM"]
[BlackTitle "WIM"]
[WhiteElo "2591"]
[BlackElo "2233"]
[WhiteFideId "12500739"]
[BlackFideId "13402951"]
[EventDate "2014.09.22"]

1. e4 e5 2. Nf3 Nc6 3. Bb5 a6 4. Ba4 d6 5. c3 g6 6. d4 Bd7 7. Bg5 f6 8. Be3 Nh6
9. O-O Bg7 10. dxe5 fxe5 11. Bg5 Qc8 12. Bb3 Na5 13. Bc2 Be6 14. Nbd2 O-O 15. b4
Nc6 16. Bb3 Ng4 17. h3 Nf6 18. Bxe6+ Qxe6 19. Qb3 Nd8 20. Rfe1 Qxb3 21. axb3 Ne6
22. Bxf6 Bxf6 23. Nc4 Nf4 24. h4 Be7 25. g3 Nd5 26. exd5 Rxf3 27. Re3 Raf8 28.
Ra2 g5 29. h5 Kg7 30. Rxf3 Rxf3 31. Ne3 g4 32. b5 axb5 33. Ra7 Bg5 34. Nxg4 Rxc3
35. Rxb7 Rc5 36. b4 Rc4 37. f3 Bd2 38. Kg2 Bxb4 39. Rxb5 Bd2 40. Rb8 Bg5 41. Rc8
Rc5 42. Kh3 Rc2 43. Re8 Kf7 44. Rh8 Kg7 45. Rc8 h6 46. Ra8 Rc5 47. Ra7 Rc2 48.
Ra4 Rc3 49. Kg2 Rc2+ 50. Kf1 Rc5 51. f4 exf4 52. gxf4 Rxd5 53. fxg5 Rxg5 54. Re4
d5 55. Ra4 Rxh5 56. Ra7 Rh1+ 57. Ke2 Rc1 58. Ne3 d4 59. Nd5 Kg6 60. Nxc7 h5 61.
Ne6 h4 62. Ra5 Rg1 63. Nf4+ Kf6 64. Rh5 Rg4 65. Kf3 Rg3+ 66. Ke4 Rg4 1/2-1/2

[Event "Baku Open 2014"]
[Site "Baku AZE"]
[Date "2014.09.25"]
[Round "4.24"]
[White "Aliyev, Rasim"]
[Black "Omar, Noaman"]
[Result "1-0"]
[BlackTitle "IM"]
[WhiteElo "2230"]
[BlackElo "2355"]
[WhiteFideId "13401084"]
[BlackFideId "9300244"]
[EventDate "2014.09.22"]

1. e4 c6 2. d4 d5 3. Nc3 dxe4 4. Nxe4 Bf5 5. Ng3 Bg6 6. h4 h6 7. Nf3 Nd7 8. h5
Bh7 9. Bd3 Bxd3 10. Qxd3 e6 11. Bd2 Ngf6 12. O-O-O Qc7 13. Ne4 O-O-O 14. Nxf6
Nxf6 15. Qe2 c5 16. dxc5 Bxc5 17. Ne5 Bd6 18. f4 Kb8 19. Kb1 Rc8 20. c4 Rhd8 21.
Bc3 Ka8 22. g4 Bxe5 23. fxe5 Ne8 24. b3 Rxd1+ 25. Rxd1 Rd8 26. Rxd8+ Qxd8 27.
Qf3 Qd7 28. Kc2 Kb8 29. Bb4 b6 30. Bf8 f6 31. Qd3 Qxd3+ 32. Kxd3 fxe5 33. g5 e4+
34. Ke2 Kc8 35. Bxg7 1-0

[Event "Baku Open 2014"]
[Site "Baku AZE"]
[Date "2014.09.25"]
[Round "4.25"]
[White "Khalafova, Narmin"]
[Black "Babayev, Talib"]
[Result "1-0"]
[WhiteTitle "WFM"]
[BlackTitle "IM"]
[WhiteElo "2166"]
[BlackElo "2342"]
[WhiteFideId "13402625"]
[BlackFideId "13401432"]
[EventDate "2014.09.22"]

1. e4 c6 2. Nc3 d5 3. Nf3 dxe4 4. Nxe4 Nf6 5. Qe2 Nxe4 6. Qxe4 Nd7 7. Bc4 Nf6 8.
Ne5 e6 9. Qe2 a6 10. a4 c5 11. O-O Bd6 12. Ra3 Qc7 13. f4 O-O 14. Rh3 g6 15. b3
b5 16. axb5 axb5 17. Bxb5 Bb7 18. Bb2 Ra2 19. Bc3 Ne4 20. Nd7 Rd8 21. Qxe4 Qxd7
22. Qe1 Qe7 23. Bd3 c4 24. bxc4 Bc5+ 25. Kh1 Bd4 26. Bxd4 Rxd4 27. Qe5 Qd8 28.
Rg3 Ra5 29. Qe2 Qf6 30. Qe3 h5 31. Kg1 Bc6 32. f5 exf5 33. Bxf5 Qd6 34. Rxg6+
fxg6 35. Be6+ Kg7 36. Rf7+ Kg8 37. Rd7+ Kf8 38. Qh6+ 1-0

[Event "Baku Open 2014"]
[Site "Baku AZE"]
[Date "2014.09.25"]
[Round "4.26"]
[White "Gadimbayli, Abdulla"]
[Black "Asgarizadeh, Ahmad"]
[Result "0-1"]
[WhiteTitle "FM"]
[WhiteElo "2162"]
[BlackElo "2335"]
[WhiteFideId "13404938"]
[BlackFideId "12505684"]
[EventDate "2014.09.22"]

1. e4 g6 2. d4 Bg7 3. Nc3 d6 4. Be3 c6 5. Qd2 b5 6. f3 Nf6 7. Bh6 Bxh6 8. Qxh6
Nbd7 9. O-O-O Qa5 10. Kb1 Ba6 11. Nce2 b4 12. Nh3 c5 13. dxc5 Qxc5 14. Nd4 Bxf1
15. Rhxf1 Rc8 16. Rd2 Ne5 17. Rfd1 a5 18. Ng5 a4 19. f4 Nc4 20. Rd3 a3 21. e5
Nh5 22. Ne4 Qd5 23. exd6 Qxe4 24. d7+ Kxd7 25. Nb5+ Kc6 26. Rd4 Qxg2 27. Na7+
Kb6 28. Nxc8+ Rxc8 29. b3 Ne3 30. R4d2 Qe4 31. Rc1 Nxf4 32. Qg7 Nxc2 33. Rdxc2
Rxc2 34. Rxc2 Ne2 35. Qh6 Qh1+ 0-1

[Event "Baku Open 2014"]
[Site "Baku AZE"]
[Date "2014.09.25"]
[Round "4.27"]
[White "Kowsarinia, Amir"]
[Black "Pirverdiyev, Agil"]
[Result "0-1"]
[WhiteTitle "FM"]
[WhiteElo "2331"]
[BlackElo "2209"]
[WhiteFideId "12500089"]
[BlackFideId "13400568"]
[EventDate "2014.09.22"]

1. d4 Nf6 2. c4 e6 3. Nf3 b6 4. g3 Bb7 5. Bg2 Be7 6. O-O O-O 7. d5 exd5 8. Nh4
Ne4 9. cxd5 Nd6 10. Nf3 Bf6 11. Nc3 Na6 12. Nd4 Nb4 13. Rb1 c5 14. dxc6 dxc6 15.
a3 c5 16. Nf3 Nc6 17. Nd5 Nd4 18. Nxd4 cxd4 19. Bf4 Bxd5 20. Bxd5 Rc8 21. e4
dxe3 22. fxe3 Nc4 23. e4 Bxb2 24. Rxb2 Nxb2 25. Qb3 Nc4 26. Rd1 Qe7 27. Bxc4
Qc5+ 28. Kh1 Qxc4 29. Qf3 Rfe8 30. Re1 f5 0-1

[Event "Baku Open 2014"]
[Site "Baku AZE"]
[Date "2014.09.25"]
[Round "4.28"]
[White "Amrayeva, Aytan"]
[Black "Maghsoodloo, Parham"]
[Result "0-1"]
[WhiteElo "2144"]
[BlackElo "2321"]
[WhiteFideId "13405101"]
[BlackFideId "12539929"]
[EventDate "2014.09.22"]

1. c4 Nf6 2. Nc3 e6 3. d4 Bb4 4. a3 Bxc3+ 5. bxc3 b6 6. Bg5 Bb7 7. Nf3 d6 8. e3
Nbd7 9. Bd3 h6 10. Bh4 g5 11. Bg3 Ne4 12. Qc2 f5 13. h4 g4 14. Nd2 Nxd2 15. Kxd2
Bxg2 16. Rh2 Bf3 17. e4 f4 18. Bxf4 e5 19. Be3 Nf6 20. Re1 Qe7 21. Kc1 c5 22. d5
Qh7 23. Bd2 Nh5 24. Be2 Bxe2 25. Rxe2 Qd7 26. Re1 O-O-O 27. Rg2 Rdf8 28. Reg1
Nf4 29. Bxf4 Rxf4 30. h5 Rg8 31. Qe2 Rg5 32. Rg3 Qg7 33. Qc2 Qd7 34. Qe2 Kb7 35.
R1g2 Ka6 36. f3 gxf3 37. Rxf3 Rxe4 38. Qxe4 Rxg2 39. Rd3 Ra2 40. Rd2 Rxa3 41.
Rc2 Ra1+ 42. Kd2 Qh3 43. Qg6 Qh2+ 0-1